[Event "Muensterland Verbandsliga 1718"]
[Site "Germany"]
[Date "2018.03.03"]
[Round "7.1"]
[White "Hackl Sommer, Rene"]
[Black "Berger, Alfred Josef"]
[Result "0-1"]
[WhiteElo "1984"]
[BlackElo "1922"]
[PlyCount "74"]
[EventDate "2017.09.09"]
[EventType "team-tourn"]
[EventRounds "9"]
[EventCountry "GER"]
[SourceTitle "EXT 2019"]
[Source "ChessBase"]
[SourceDate "2018.10.10"]
[SourceVersion "1"]
[SourceVersionDate "2018.10.10"]
[SourceQuality "1"]
[WhiteTeam "Telgte"]
[BlackTeam "Heiden"]
[WhiteTeamCountry "GER"]
[BlackTeamCountry "GER"]

1. b3 d6 2. Bb2 Nd7 3. g3 e5 4. Bg2 g6 5. d4 Bg7 6. Nf3 e4 7. Nfd2 f5 8. c4 c5 9. e3 Ngf6 10. Qc2 h5 11. b4 h4 12. bxc5 dxc5 13. Nb3 b6 14. dxc5 Nxc5 15. Nxc5 bxc5 16. Nc3 Kf7 17. Rd1 Qa5 18. 0-0 Rb8 19. Nxe4 Nxe4 20. Bxg7 Kxg7 21. Bxe4 fxe4 22. Qxe4 Qc7 23. Rd5 Bf5 24. Qe5+ Qxe5 25. Rxe5 hxg3 26. hxg3 Rb2 27. Rd1 Kf6 28. Rdd5 Bh3 29. Rxc5 Rb1+ 30. Kh2 Bf1+ 31. Kg1 Bh3+ 32. Kh2 Bg4+ 33. Kg2 Rhh1 34. f4 Rhg1+ 35. Kh2 Bf3 36. g4 Rg2+ 37. Kh3 Rh1# 0-1

[Event "Muensterland Verbandsliga 1718"]
[Site "Germany"]
[Date "2017.09.09"]
[Round "1.1"]
[White "Berger, Alfred Josef"]
[Black "Bernink, Henk"]
[Result "1/2-1/2"]
[WhiteElo "1922"]
[BlackElo "2102"]
[PlyCount "87"]
[EventDate "2017.09.09"]
[EventType "team-tourn"]
[EventRounds "9"]
[EventCountry "GER"]
[SourceTitle "EXT 2019"]
[Source "ChessBase"]
[SourceDate "2018.10.10"]
[SourceVersion "1"]
[SourceVersionDate "2018.10.10"]
[SourceQuality "1"]
[WhiteTeam "Heiden"]
[BlackTeam "Metelen"]
[WhiteTeamCountry "GER"]
[BlackTeamCountry "GER"]

1. e4 c6 2. d4 d5 3. exd5 cxd5 4. Bd3 Nc6 5. c3 Nf6 6. Bf4 Bg4 7. Qb3 Qc8 8. Nd2 e6 9. Ngf3 Be7 10. 0-0 0-0 11. Rfe1 Bh5 12. Ne5 Nxe5 13. dxe5 Nd7 14. Qc2 Bg6 15. Bxg6 fxg6 16. Bg3 g5 17. Nb3 Nc5 18. Nd4 Ne4 19. f3 Nxg3 20. hxg3 Bc5 21. Qd3 Qe8 22. b4 Bb6 23. Kf1 Rc8 24. Ke2 Rc4 25. a3 Qf7 26. Nb5 Bc7 27. Nxc7 Rxc7 28. Rac1 Rfc8 29. Kd2 a6 30. Kc2 Rc4 31. Kb2 Qc7 32. Qe3 h6 33. Red1 Kf7 34. Rd4 Rxd4 35. cxd4 Qxc1+ 36. Qxc1 Rxc1 37. Kxc1 g4 38. Kd2 Kg6 39. a4 b6 40. b5 axb5 41. axb5 Kf5 42. Ke3 h5 43. Ke2 g5 44. Ke3 1/2-1/2

[Event "Muensterland Verbandsliga 1617"]
[Site "Germany"]
[Date "2016.11.05"]
[Round "3.2"]
[White "Jansen, Dirk Norbert"]
[Black "Berger, Alfred Josef"]
[Result "1/2-1/2"]
[WhiteElo "1931"]
[BlackElo "1980"]
[PlyCount "88"]
[EventDate "2016.09.10"]
[EventType "team"]
[EventRounds "9"]
[EventCountry "GER"]
[SourceTitle "EXT 2018"]
[Source "ChessBase"]
[SourceDate "2017.10.13"]
[SourceVersion "1"]
[SourceVersionDate "2017.10.13"]
[SourceQuality "1"]
[WhiteTeam "Muenster SK IV"]
[BlackTeam "Heiden"]
[WhiteTeamCountry "GER"]
[BlackTeamCountry "GER"]

1. c4 Nf6 2. Nc3 b6 3. e4 e5 4. g3 Bc5 5. Bg2 0-0 6. Nge2 Nc6 7. 0-0 d6 8. d3 h6 9. Be3 Bxe3 10. fxe3 Be6 11. Nd5 Nh7 12. Nec3 Nb8 13. Qd2 a5 14. Ne2 c6 15. Ndc3 Nd7 16. b3 Ndf6 17. d4 Bg4 18. h3 Bd7 19. Rad1 Qe7 20. dxe5 dxe5 21. Qd6 Qxd6 22. Rxd6 b5 23. cxb5 cxb5 24. Nd5 Be6 25. Nc7 Ne8 26. Nxa8 Nxd6 27. Nc7 Rc8 28. Nxe6 fxe6 29. Rd1 Rc6 30. Nc1 Nf6 31. Nd3 Rc2 32. Ne1 Rc6 33. Nd3 Nd7 34. Rd2 Kf7 35. Kf2 Ke7 36. Ke2 g5 37. Bf3 b4 38. Ke1 Nb5 39. Nb2 Rc1+ 40. Kf2 Nd6 41. Nd3 Rc3 42. Ke2 Rc8 43. Kf2 Nf6 44. Rb2 Nd7 1/2-1/2

[Event "Muensterland Verbandsliga 1617"]
[Site "Germany"]
[Date "2016.10.01"]
[Round "2.2"]
[White "Berger, Alfred Josef"]
[Black "Hackl Sommer, Rene"]
[Result "1/2-1/2"]
[WhiteElo "1980"]
[BlackElo "1981"]
[PlyCount "82"]
[EventDate "2016.09.10"]
[EventType "team"]
[EventRounds "9"]
[EventCountry "GER"]
[SourceTitle "EXT 2018"]
[Source "ChessBase"]
[SourceDate "2017.10.13"]
[SourceVersion "1"]
[SourceVersionDate "2017.10.13"]
[SourceQuality "1"]
[WhiteTeam "Heiden"]
[BlackTeam "Telgte"]
[WhiteTeamCountry "GER"]
[BlackTeamCountry "GER"]

1. d4 f5 2. Nc3 g6 3. e4 fxe4 4. Nxe4 Bg7 5. c3 d5 6. Nc5 Nh6 7. Bf4 0-0 8. Qd2 Nf7 9. Nf3 Nc6 10. Nd3 Bf5 11. Qe3 Re8 12. Nde5 Nfxe5 13. Nxe5 Nxe5 14. Bxe5 Bxe5 15. Qxe5 Qd6 16. Qxd6 exd6+ 17. Kd2 Kf7 18. Bb5 Re7 19. Rae1 c6 20. Rxe7+ Kxe7 21. Re1+ Kf6 22. Ba4 h5 23. Bd1 Rh8 24. h4 Bd7 25. Re3 Bf5 26. Rf3 Ke6 27. Rg3 Kf6 28. Be2 Re8 29. Re3 Rh8 30. Rf3 Ke6 31. Bd3 Be4 32. Re3 Kf5 33. Rf3+ Ke6 34. Rf4 Bf5 35. Bxf5+ gxf5 36. Rf3 Rg8 37. Rg3 Rxg3 38. fxg3 Kf6 39. Ke3 Kg6 40. Kf4 Kf6 41. Ke3 Ke6 1/2-1/2

[Event "Muensterland Verbandsliga 1516"]
[Site "Germany"]
[Date "2016.01.16"]
[Round "5.1"]
[White "Berger, Alfred Josef"]
[Black "Fuest, Martin"]
[Result "1/2-1/2"]
[WhiteElo "1939"]
[BlackElo "2157"]
[PlyCount "27"]
[EventDate "2015.09.12"]
[EventType "team"]
[EventRounds "9"]
[EventCountry "GER"]
[SourceTitle "EXT 2017"]
[Source "ChessBase"]
[SourceDate "2016.10.25"]
[SourceVersion "1"]
[SourceVersionDate "2016.10.25"]
[SourceQuality "1"]
[WhiteTeam "Heiden"]
[BlackTeam "Bocholt"]
[WhiteTeamCountry "GER"]
[BlackTeamCountry "GER"]

1. e4 d5 2. exd5 Qxd5 3. Nc3 Qd6 4. d4 Nf6 5. Nf3 a6 6. Bd3 Nc6 7. 0-0 Bg4 8. h3 Bh5 9. Ne4 Nxe4 10. Bxe4 0-0-0 11. c3 Bg6 12. Qc2 Bxe4 13. Qxe4 f6 14. b4 1/2-1/2

[Event "Muensterland Verbandsliga 1112"]
[Site "Germany"]
[Date "2012.03.17"]
[Round "8.2"]
[White "Overesch, Andre"]
[Black "Berger, Alfred Josef"]
[Result "1-0"]
[WhiteElo "1973"]
[BlackElo "1892"]
[PlyCount "83"]
[EventDate "2011.09.24"]
[EventType "team-tourn"]
[EventRounds "9"]
[EventCountry "GER"]
[SourceTitle "EXT 2013"]
[Source "ChessBase"]
[SourceDate "2012.11.22"]
[SourceVersion "1"]
[SourceVersionDate "2012.11.22"]
[SourceQuality "1"]
[WhiteTeam "Muenster III"]
[BlackTeam "Heiden"]
[WhiteTeamCountry "GER"]
[BlackTeamCountry "GER"]

1. d4 e6 2. Nf3 d5 3. c4 c6 4. Qc2 f5 5. g3 Nf6 6. Bg2 Bd6 7. 0-0 0-0 8. b3 Qe7 9. a4 Nbd7 10. Ba3 Ne4 11. Qb2 b6 12. Bxd6 Qxd6 13. Nbd2 Bb7 14. b4 Nxd2 15. Nxd2 Rad8 16. Rfc1 f4 17. c5 bxc5 18. dxc5 Qc7 19. b5 Rb8 20. Rab1 fxg3 21. hxg3 Ba6 22. Nf3 cxb5 23. Qc2 Rf6 24. Ng5 Nf8 25. Qd3 Qc6 26. Qd4 Rd8 27. Ne4 Rg6 28. Nd6 bxa4 29. e4 Rxd6 30. cxd6 Qxd6 31. exd5 exd5 32. Bxd5+ Kh8 33. Rc6 Qd8 34. Rxg6 Nxg6 35. Qxa7 Bc8 36. Qa8 h5 37. Rc1 Ne7 38. Be6 Qd2 39. Rxc8+ Nxc8 40. Qxc8+ Kh7 41. Bf5+ Kh6 42. Qe6+ 1-0

[Event "Muensterland Verbandsliga 1112"]
[Site "Germany"]
[Date "2012.01.28"]
[Round "6.2"]
[White "Althoff, Franz"]
[Black "Berger, Alfred Josef"]
[Result "1-0"]
[WhiteElo "2092"]
[BlackElo "1892"]
[PlyCount "118"]
[EventDate "2011.09.24"]
[EventType "team-tourn"]
[EventRounds "9"]
[EventCountry "GER"]
[SourceTitle "EXT 2013"]
[Source "ChessBase"]
[SourceDate "2012.11.22"]
[SourceVersion "1"]
[SourceVersionDate "2012.11.22"]
[SourceQuality "1"]
[WhiteTeam "Ostbevern Westbevern"]
[BlackTeam "Heiden"]
[WhiteTeamCountry "GER"]
[BlackTeamCountry "GER"]

1. Nf3 d5 2. d4 e6 3. e3 f5 4. c4 c6 5. Nc3 Nf6 6. Bd3 Bd6 7. 0-0 0-0 8. a3 Ne4 9. Ne5 Nd7 10. Nxd7 Bxd7 11. f4 Qh4 12. Nxe4 fxe4 13. g3 Qh6 14. Be2 g5 15. Bd2 gxf4 16. exf4 Be8 17. Be3 Kh8 18. Qd2 Qg7 19. Rad1 Bg6 20. Rf2 Rg8 21. Rg2 Qe7 22. b4 a6 23. g4 Raf8 24. Rf1 Rf7 25. Kh1 Rfg7 26. Rg3 Qh4 27. Rfg1 Bf5 28. c5 Bc7 29. Qd1 Bg6 30. R1g2 Rf8 31. Rf2 Rfg8 32. Qf1 Bf5 33. Rh3 Qf6 34. gxf5 Qxf5 35. Rh5 Qf6 36. Rg5 h6 37. Rxg7 Qxg7 38. Rg2 Qxg2+ 39. Qxg2 Rxg2 40. Kxg2 Kg7 41. a4 Kg6 42. Bg4 Kf6 43. Kg3 Bd8 44. Be2 Kf5 45. b5 cxb5 46. axb5 axb5 47. Bxb5 Ba5 48. Kh4 Bc7 49. Be2 e5 50. Bg4+ Kf6 51. fxe5+ Bxe5 52. dxe5+ Kxe5 53. Bxh6 d4 54. Bg7+ Kd5 55. Bxd4 Kxd4 56. Kg5 Kxc5 57. h4 b5 58. h5 b4 59. Kf4 b3 1-0

[Event "Muensterland Verbandsliga 1112"]
[Site "Germany"]
[Date "2011.10.15"]
[Round "2.2"]
[White "Berger, Alfred Josef"]
[Black "Jacob, Helmut"]
[Result "1/2-1/2"]
[WhiteElo "1892"]
[BlackElo "2072"]
[PlyCount "84"]
[EventDate "2011.09.24"]
[EventType "team-tourn"]
[EventRounds "9"]
[EventCountry "GER"]
[SourceTitle "EXT 2013"]
[Source "ChessBase"]
[SourceDate "2012.11.22"]
[SourceVersion "1"]
[SourceVersionDate "2012.11.22"]
[SourceQuality "1"]
[WhiteTeam "Heiden"]
[BlackTeam "Ochtrup"]
[WhiteTeamCountry "GER"]
[BlackTeamCountry "GER"]

1. c4 c5 2. g3 Nf6 3. Nc3 d5 4. cxd5 Nxd5 5. Bg2 Nc7 6. Nf3 Nc6 7. 0-0 e5 8. d3 Be7 9. b3 0-0 10. Bb2 Be6 11. Rc1 f6 12. h4 Qd7 13. Qd2 Rad8 14. Rfd1 b6 15. Ba1 Nd5 16. Nxd5 Bxd5 17. Bc3 a5 18. Ne1 Bf7 19. Qb2 Nb4 20. Nc2 Nxc2 21. Rxc2 Qb5 22. Rcd2 Rd7 23. e3 Bh5 24. a4 Qa6 25. Bc6 Rd6 26. Bb5 Qb7 27. Re1 Rfd8 28. d4 e4 29. Bc4+ Kh8 30. Be2 Bf7 31. Red1 cxd4 32. Rxd4 Rxd4 33. Rxd4 Rxd4 34. Bxd4 Bd5 35. Bc4 Bc6 36. Qe2 Bd8 37. Qh5 Qe7 38. Qf5 Qd7 39. Be6 Qd6 40. g4 Bc7 41. g5 Qh2+ 42. Kf1 Qh1+ 1/2-1/2